| 000 | 01271nam0a22002771 4500 | ||
|---|---|---|---|
| 001 | rc\3005189 | ||
| 005 | 20250806200812.0 | ||
| 035 | _a(NLR Aleph) 007148118 | ||
| 090 |
_a9633 _c9633 |
||
| 100 | _a20110921d1944 u y0rusy50 ca | ||
| 101 | 0 | _arus | |
| 102 | _aRU | ||
| 105 | _aa z ||||| | ||
| 200 | 1 |
_aСборник правил, положений и инструкций по парикмахерскому хозяйству _fНар. ком. коммунального хозяйства РСФСР. Глав. упр. банно-прачечного и парикмахерского хозяйства |
|
| 210 |
_aМосква _aЛенинград _cизд-во Наркомхоза РСФСР _d1944 |
||
| 215 |
_a48, [3] с. _cтабл. _d17 см |
||
| 300 | _aБез тит. л. Описано по обл. | ||
| 300 | _aНапеч. в г. Перово | ||
| 300 | _aС. 1-4: Приказ Народного комиссара коммунального хозяйства РСФСР. Москва. № 147. 6 апреля 1944 г. | ||
| 801 | 0 |
_aRU _bNLR _gpsbo |
|
| 801 | 1 |
_aRU _bELAR _2rusmarc |
|
| 852 |
_aNLR _jЭк70 Г-2/16 |
||
| 942 | _cBOOK | ||
| 945 | _aРоссийская национальная библиотека | ||
| 980 | _aNB | ||
| 980 | _aBV | ||